[Event "14th SRB-ch 2020"]
[Site "Vrnjacka Banja"]
[Date "2020.12.13"]
[Round "9.4"]
[White "Perunovic, Milos"]
[Black "Kovacevic, Aleksandar"]
[Result "1-0"]
[WhiteElo "2576"]
[BlackElo "2480"]
[Annotator "TA"]
[PlyCount "122"]
[EventDate "2020.12.07"]
[EventType "tourn"]
[EventCountry "SRB"]
[SourceTitle "playchess.com"]
[Source "ChessBase"]
[SourceQuality "1"]

{[%evp 9,122,-9,-10,-17,-9,-10,-10,-12,-19,-16,-12,-4,-12,-20,-4,-4,-13,-13,-13,-10,0,-225,-215,-195,-125,-195,-97,-128,-126,-237,-127,-267,-260,-217,-203,-286,-70,-70,32,32,33,70,33,37,42,62,144,129,218,224,233,237,213,85,107,45,44,30,38,44,203,210,325,308,365,366,364,364,362,355,339,305,29962,372,29969,29971,29971,29972,29974,29975,29975,29968,29972,29967,29966,29968,29967,29966,29967,29968,29969,29969,29969,29968,29967,29964,29964,0,29969,29969,29969,29967,29967,29968,29968,29968,29973,0,29960,1250,29969,29967,29973,29974,29991]} 1. d4 Nf6 2. c4 g6 3. Nc3 d5 4. Nf3 Bg7 5. h4 dxc4 6. e4 {D90: Grünfeld: 4 Nf3 Bg7 sidelines.} c5 7. d5 b5 8. h5 {The position is equal.} O-O (8... gxh5 $6 9. e5 $16) 9. hxg6 fxg6 10. e5 Ng4 11. d6 e6 $1 12. Rxh7 Rf5 13. Rh3 $5 {[%mdl 4] Leaves trodden paths.} Nc6 $1 14. a4 b4 {[#]} 15. Nb5 $146 (15. Ne4 $11 {and White is okay.}) ({Predecessor:} 15. Ne4 Ncxe5 16. Nxe5 Nxe5 17. g4 Rf8 18. f4 Nd3+ 19. Bxd3 cxd3 20. Qxd3 Bb7 21. Nxc5 {½-½ (42) Kvetny,M (2393)-Lei,T (2444) Boeblingen 2015}) 15... Ncxe5 $19 (15... Ngxe5 16. Nxe5 Rxe5+ 17. Be3 $17) 16. Nxe5 Nxe5 (16... Rxe5+ $19 17. Be2 Qf6) 17. g4 (17. Be3 $17) 17... Rf8 (17... Rf7 $19 18. f4 Qf6) 18. Be3 Bb7 {Strongly threatening ...Rf3.} 19. Be2 (19. f4 $17 {only move.} Qf6 20. Rc1) 19... Qf6 ({Black should try} 19... Bg2 $19 20. Rg3 Be4) 20. Bxc5 (20. Rc1 $17 {might work better.}) 20... a6 21. Nc7 Rad8 $1 22. Qd4 (22. Kf1 $142) 22... Rf7 $2 (22... Bg2 $19 23. Rh2 c3 $1 {[%mdl 512]}) 23. f4 $1 $15 {[%cal Rf4e5] [#]} Nd3+ (23... Qxf4 $2 24. Qxf4 Rxf4 25. Nxe6 $18) (23... Nf3+ $1 $15 {[%mdl 512]} 24. Bxf3 Qxd4 25. Bxd4 Bxd4 26. Bxb7 Rxd6) 24. Bxd3 $14 Qxd4 25. Bxd4 Bxd4 26. Bxc4 Rxd6 (26... Rxf4 $2 27. Nxe6 Re4+ 28. Kf1 $18) 27. Bxe6 {aiming for Rd3.} Bxb2 (27... Bc8 $1 $14 28. Bxf7+ (28. Bxc8 $2 Rxc7 29. Bxa6 Bxb2 $19) 28... Kxf7) 28. Rd1 Rxd1+ (28... Bc3+ $16 29. Ke2 Rxd1 30. Kxd1 (30. Bxf7+ Kxf7 31. Kxd1 Bc8 $18) 30... Bc8) 29. Kxd1 $18 Bc8 30. Bxf7+ (30. Bxc8 $6 Rxc7 31. Bxa6 Kg7 $16) 30... Kxf7 {[%mdl 4096] Endgame KRN-KB} 31. Rg3 (31. Kc2 $18 Bg7 32. Rh7) 31... g5 $16 32. Nd5 (32. fxg5 $6 Be5 $11) (32. Rg2 $16 Bd4 33. f5 (33. fxg5 b3 $16)) 32... gxf4 $14 33. Nxf4 {And now Kc2 would win.} Be5 34. Kc2 {Rf3 is the strong threat.} Bb7 $2 ({Don't blunder} 34... Bxf4 $2 35. Rf3 $18) (34... Kf6 $1 $14 35. Nd5+ Ke6) 35. Rg1 $1 $18 a5 ({Avoid the trap} 35... Bxf4 $2 36. Rf1 $18) (35... Bc6 $142) 36. Nd3 Bg7 37. Rf1+ Ke7 38. Rf5 b3+ {[#]} 39. Kd2 $1 ({Less strong is} 39. Kxb3 Be4 $16) 39... b2 {[#]} 40. Nxb2 $1 {[%mdl 576] Decoy} Bxb2 $2 {[#]} (40... Bc8 $18) 41. Rb5 $1 {[%mdl 576] Double Attack} Bc6 $2 (41... Bc8 $18 42. Rxb2 Bxg4) 42. Rxb2 Bxa4 {KR-KB} 43. Ke3 Bd1 44. Kf4 a4 45. Rb6 Be2 46. Kf5 Bd3+ 47. Ke5 Kf7 48. Rb7+ Kg6 49. Kf4 Be2 50. Rb4 Bd1 51. Rb6+ Kf7 52. Kg5 Ke7 53. Kf4 $2 (53. Kf5 {mates} Bc2+ 54. Ke5 Kf7 55. Rd6 Bb3 56. Ra6 Bd1 57. Kf5 Bc2+ 58. Kf4) 53... Be2 $2 {[%mdl 8192]} (53... Kf7 $11 54. g5 Kg7) 54. g5 Bd3 55. Rb7+ Ke6 56. Ra7 Bc2 57. Rc7 Bb1 58. Ra7 Bc2 59. Kg4 (59. Ra6+ $142 Kf7 60. Ke3 Kg7 61. Rc6 Bb3 62. Kf4 Bf7 63. Kf5 a3 64. Ra6) 59... Bd1+ 60. Kh4 Be2 61. g6 Kd5 {White used his chance.  Weighted Error Value: White=0.31/Black=0.57} 1-0

[Event "14th SRB-ch 2020"]
[Site "Vrnjacka Banja"]
[Date "2020.12.13"]
[Round "9.4"]
[White "Perunovic, Milos"]
[Black "Kovacevic, Aleksandar"]
[Result "1/2-1/2"]
[WhiteElo "2576"]
[BlackElo "2480"]
[Annotator "TA"]
[PlyCount "35"]
[EventDate "2020.12.07"]
[EventType "tourn"]
[EventCountry "SRB"]
[SourceTitle "playchess.com"]
[Source "ChessBase"]
[SourceQuality "1"]

{[%evp 18,20,10,10,15]} 1. e4 e5 2. Nf3 Nc6 3. Bb5 a6 4. Ba4 Nf6 5. O-O Be7 6. d3 b5 7. Bb3 O-O 8. Nc3 d6 9. a3 Bg4 {9...Na5 is the modern continuation.} 10. Be3 Nd4 {[#] Not much happened in this game. C84: Closed Ruy Lopez: Unusual White 6th moves.} {Predecessor:} 11. Bxd4 $146 exd4 12. Nd5 Nxd5 13. Bxd5 Rc8 14. Bc6 Bf6 15. a4 Rb8 16. axb5 axb5 17. Re1 Rb6 18. Bd5 {½-½ (57) Nepomniachtchi,I (2784)-Vachier Lagrave,M (2778) chess24.com INT 2020} 1/2-1/2

[Event "14th SRB-ch 2020"]
[Site "Vrnjacka Banja"]
[Date "2020.12.13"]
[Round "9.5"]
[White "Indjic, Aleksandar"]
[Black "Markus, Robert"]
[Result "1/2-1/2"]
[WhiteElo "2604"]
[BlackElo "2592"]
[Annotator "TA"]
[PlyCount "40"]
[EventDate "2020.12.07"]
[EventType "tourn"]
[EventCountry "SRB"]
[SourceTitle "playchess.com"]
[Source "ChessBase"]
[SourceQuality "1"]

{[%evp 19,21,-2,0,0]} 1. d4 d5 2. c4 e6 3. Nc3 Nf6 4. Nf3 Be7 5. Bg5 O-O 6. e3 h6 7. Bh4 b6 8. Rc1 Bb7 9. cxd5 Nxd5 10. Bxe7 Qxe7 11. Nxd5 {[#] An uneventful encounter. D59: Queen's Gambit Declined: Tartakower Defence: Main line (8 cxd5 Nxd5).} {Predecessor:} Bxd5 $146 12. Bc4 Bb7 13. O-O Rc8 14. Qe2 c5 15. Rfd1 cxd4 16. Nxd4 Nc6 17. Nxc6 Rxc6 18. Ba6 Rxc1 19. Rxc1 Rd8 20. Bxb7 Qxb7 {½-½ (31) Laurusas,T (2499)-Heimann,A (2617) Budva 2019} 1/2-1/2